Majster a bezpečnosť pri práci

Salvato in:
Dettagli Bibliografici
Autore principale: Hejl, Emil
Natura: Libro
Lingua:slovacco
Pubblicazione: Bratislava Práca 1987
Edizione:7. dopln. a preprac. vyd.
Serie:Knižnica bezpečnosti práce Zv. 6/87
Tags: Aggiungi Tag
Nessun Tag, puoi essere il primo ad aggiungerne!!

MARC

LEADER 00000nam a2200000 4500
001 c022794
005 20250916122430.8
041 0 |a slo 
044 |a SK 
245 1 0 |a Majster a bezpečnosť pri práci  |c Emil Hejl a kol. 
250 |a 7. dopln. a preprac. vyd. 
264 1 |a Bratislava  |b Práca  |c 1987 
300 |a 268 s. 
490 1 |a Knižnica bezpečnosti práce  |v Zv. 6/87 
830 0 |a Knižnica bezpečnosti práce  |v Zv. 6/87 
100 1 |a Hejl, Emil